Charles de Gaulle de 1910 à 1940 - Statistiques

Statistiques générales
  • Ce quiz a été pris 29 fois
  • Le résultat moyen est 4 sur 15
Statistiques - réponses
Hint Réponse % Correct
Ils ont ... enfants 3
84%
Etait-il favorable à la professionnalisation de l'armée ? Oui
84%
Charles de Gaulle a servi sous les ordres du colonel Pétain
72%
Il est fait prisonnier en 1916
56%
Leur fils se prénomme Philippe
48%
Il est fait chevalier de la Légion d'Honneur en... 1919
32%
En avril 1921 il épouse Yvonne Vendroux
20%
Quelle arme souhaitait-il voir se développer rapidement Blindés
16%
De 1929 à 1931, il sert de nouveau à l'étranger, dans quel pays ? Liban
16%
De 1919 à 1921, il sert dans ce pays Pologne
12%
Leurs filles se prénomment Anne Elisabeth
8%
Il est blessé au combat au début de la guerre à Dinant
0%
Pendant sa captivité il rencontre Georges Catroux
0%
En 1924, il fait paraitre La discorde chez l'ennemi
0%
et aussi... Roland Garros
0%
Aucun quiz correspondant
Distribution des résultats
% des personnes avec chaque résultat
Percentile par nombre de réponses
Votre historique - résultats
Vous n’avez pas pris ce quiz